00274nam a22000857a 4500008004100000082001500041245004300056260008000099300000900179230607b xxu||||| |||| 00| 0 eng d a342.0bCON aHarmonized Draft Constitution of Kenya aNairobi,KenyabCommittee of Experts on Constitutional ReviewcNovember,2009 a165p